• 首页
  • 本馆介绍
  • 公告通知
  • 最新文献
  • 馆藏检索
  • 电子资源
  • 读者导购
  • 参考咨询
  • 我的图书馆
  • 登录
  • 详细信息显示
  • 放入我的书架
  • 预约/预借图书
  • 作者相关作品
  • 分类相关作品
  • 丛书相关作品
  • 出版社相关作品

书目信息

  • 表格格式
  • 工作单格式
  • 卡片格式
题名:
古文选讲
    
 
作者: 黄日强 编选
分册:  
出版信息: 呼和浩特   内蒙古人民出版社  1978
页数: 210页
开本: 19cm
丛书名:
单 册:
中图分类: G633.3 , H194.1
科图分类:
主题词: 文言文--学习参考资料
电子资源:
ISBN:
000 00603nam0 2200229 45
001 0178004786
005 20060913165948.56
010    @dCNY0.50
091    @a7089.57
100    @a19950720d1978 em y0chiy0121 ea
101 0  @achi
102    @aCN@b150000
105    @ay z 000yy
200 10 @a古文选讲@Agu wen xuan jiang@f黄日强编选
210    @a呼和浩特@c内蒙古人民出版社@d1978
215    @a210页@d19cm
606    @a文言文@x学习参考资料
690    @aG633.3
690    @aH194.1@v3
701  0 @a黄日强@Ahuang ri qiang@4编选
801  0 @aCN@bNLC@c20060913
905    @f1@b25403@f1@b25407@dG633.3@e447
    
    古文选讲/黄日强编选.-呼和浩特:内蒙古人民出版社,1978
    210页;19cm
    
    
    ISBN :CNY0.50
    
●
相关链接 在E读中查询图书 在五车中查询图书 在当当中查询图书 在豆瓣中查询图书


正题名:古文选讲     索取号:G633.3/447         预约/预借

序号 登录号 条形码 馆藏地/架位号 状态 备注
1 0025403   000239405   第一样本阅览室/ [索取号:G633.3/447] 在馆    
2 0025407   000239432   密集书库/ [索取号:G633.3/447] 在馆    
3 0473979   204739792   密集书库/ [索取号:G633.3/447] 在馆    
唐山师范学院图书馆 欢迎您!
大连网信软件有限公司© 版权所有